|
|
|
|
| LEADER |
02214nam a2200493 i 4500 |
| 001 |
EBC1760164 |
| 003 |
MiAaPQ |
| 005 |
20200520144314.0 |
| 006 |
m o d | |
| 007 |
cr cnu|||||||| |
| 008 |
140813t20142014ii a ob 001 0 eng d |
| 020 |
|
|
|z 9788132117698
|
| 020 |
|
|
|a 9789351500490
|q (electronic bk.)
|
| 035 |
|
|
|a (MiAaPQ)EBC1760164
|
| 035 |
|
|
|a (Au-PeEL)EBL1760164
|
| 035 |
|
|
|a (CaPaEBR)ebr10904392
|
| 035 |
|
|
|a (CaONFJC)MIL634352
|
| 035 |
|
|
|a (OCoLC)889302432
|
| 040 |
|
|
|a MiAaPQ
|b eng
|e rda
|e pn
|c MiAaPQ
|d MiAaPQ
|
| 043 |
|
|
|a a-ii---
|
| 050 |
|
4 |
|a HD5710.85 .I42
|b .S555 2014
|
| 082 |
0 |
|
|a 305.800954/133
|2 23
|
| 110 |
2 |
|
|a Skillshare International (Organisation),
|e author.
|
| 245 |
1 |
0 |
|a State of the Adivasis in Odisha :
|b a human development analysis /
|c Skillshare International (Organisation) ; Harishwar Dayal [and three others].
|
| 264 |
|
1 |
|a New Delhi, India :
|b Skillshare International :
|b Sage Publications,
|c 2014.
|
| 264 |
|
4 |
|c 2014
|
| 300 |
|
|
|a 1 online resource (131 pages) :
|b illustrations, tables, graphs.
|
| 336 |
|
|
|a text
|2 rdacontent
|
| 337 |
|
|
|a computer
|2 rdamedia
|
| 338 |
|
|
|a online resource
|2 rdacarrier
|
| 490 |
1 |
|
|a Sage Impact
|
| 504 |
|
|
|a Includes bibliographical references and index.
|
| 588 |
|
|
|a Description based on print version record.
|
| 590 |
|
|
|a Electronic reproduction. Ann Arbor, MI : ProQuest, 2015. Available via World Wide Web. Access may be limited to ProQuest affiliated libraries.
|
| 650 |
|
0 |
|a Rural poor
|x Employment
|z India
|z Orissa.
|
| 650 |
|
0 |
|a Adivasis
|z India
|z Orissa
|x Social conditions.
|
| 651 |
|
0 |
|a Orissa (India)
|x Scheduled tribes
|x Economic conditions.
|
| 655 |
|
4 |
|a Electronic books.
|
| 700 |
1 |
|
|a Dayal, Harishwar,
|e author.
|
| 710 |
2 |
|
|a Institute for Human Development,
|e author.
|
| 776 |
0 |
8 |
|i Print version:
|a Skillshare International (Organisation)
|t State of the Adivasis in Odisha : a human development analysis.
|d New Delhi, India : Skillshare International : Sage Publications, c2014
|h xxv, 101 pages
|k Sage impact.
|z 9788132117698
|w 2014004350
|
| 797 |
2 |
|
|a ProQuest (Firm)
|
| 830 |
|
0 |
|a Sage impact.
|
| 856 |
4 |
0 |
|u https://ebookcentral.proquest.com/lib/matrademy/detail.action?docID=1760164
|z Click to View
|